• Gracián Dantisco, Antonio,

di Personal Name

Records bibliografici associati: 2

001 - CONTROL NUMBER

  • control field: 63264

003 - CONTROL NUMBER IDENTIFIER

  • control field: IT-RoINE

005 - DATE AND TIME OF LATEST TRANSACTION

  • control field: 20191009102244.0

008 - FIXED-LENGTH DATA ELEMENTS

  • fixed length control field: 191009|| aca||aabn | a|a d

040 ## - CATALOGING SOURCE

  • Original cataloging agency: IT-RoINE
  • Transcribing agency: IT-RoINE

100 ## - HEADING--PERSONAL NAME

  • Personal name: Gracián Dantisco, Antonio,
  • Dates associated with a name: ca. 1540-1576

670 ## - SOURCE DATA FOUND

  • Source citation: Work cat.: (IT-RoINE)32258: Documentos para la Historia del Monasterio de San Lorenzo el Real de El Escorial. V., 1916-1965.